| 000 | 00482nam a2200193Ia 4500 | ||
|---|---|---|---|
| 003 | GCL | ||
| 008 | 140319s9999 xx 000 0 eng d | ||
| 040 |
_aGCL / _cGCL |
||
| 082 | 0 | 4 |
_a843 _bG L |
| 100 | 1 | _aGARY, CHARLES | |
| 245 | 1 | 0 |
_aLES MANGEURS D'ETOILES / _cGARY, CHARLES |
| 700 | 1 | _aGARY, ROMAIN | |
| 260 |
_a[S.N] : _bGALLIMARD ، _c1993 |
||
| 300 | _a438 P | ||
| 490 |
_aCOLLECTION FOLIO _v0 |
||
| 650 | 0 | 4 | _aLITERATURE |
| 650 | 0 | 4 | _aFRENCH LITERATURE |
| 942 |
_2ddc _cBK |
||
| 999 |
_c23201 _d23201 |
||